[Event "15th ETC Women"]
[Site "Gothenburg SWE"]
[Date "2005.08.03"]
[Round "5"]
[White "Thorsteinsdottir,G"]
[Black "Horvath,Maria AUT"]
[Result "0-1"]
[WhiteElo "2132"]
[BlackElo "2039"]

1.d4 d5 2.c4 c6 3.Nf3 Nf6 4.Nc3 e6 5.e3 Nbd7 6.Bd3 dxc4 7.Bxc4 b5 8.Bd3 a6
9.O-O c5 10.e4 Bb7 11.d5 c4 12.Bc2 Qc7 13.dxe6 fxe6 14.e5 Nxe5 15.Nxe5 Qxe5
16.Re1 Qd6 17.Qxd6 Bxd6 18.Rxe6+ Kd7 19.Bf5 Kc7 20.Re1 Rae8 21.Be3 Re5 22.Bh3 Rhe8
23.Red1 Rh5 24.Bd4 Bc6 25.Bb6+ Kxb6 26.Rxd6 b4 27.Na4+ Kc7 28.Rxc6+ Kxc6
29.Rc1 Kb5 30.b3 c3 31.Kf1 Rd5 32.a3 a5 33.axb4 axb4 34.g3 Ne4 35.Kg2 Rd2
36.Kf3 Rxf2+ 37.Ke3 Rf7 38.Bf1+ Rxf1 39.Rxf1 Nd2+  0-1

[Event "15th ETC Women"]
[Site "Gothenburg SWE"]
[Date "2005.08.03"]
[Round "5"]
[White "Peng Zhaoqin"]
[Black "Zhukova,N"]
[Result "1-0"]
[WhiteElo "2405"]
[BlackElo "2478"]

1.d4 d5 2.c4 e6 3.Nc3 c6 4.e3 Nf6 5.Nf3 Nbd7 6.Qc2 Bd6 7.Bd3 O-O 8.O-O dxc4
9.Bxc4 a6 10.Rd1 b5 11.Be2 c5 12.dxc5 Bxc5 13.Ng5 Bb7 14.Nce4 Nxe4 15.Nxe4 Be7
16.Nd6 Bd5 17.e4 Bxd6 18.exd5 e5 19.a4 b4 20.Be3 Rc8 21.Qd3 a5 22.Rac1 f5
23.Rc6 e4 24.Qa6 Ra8 25.Qb5 Qe7 26.g3 Rfb8 27.Rxd6 Qxd6 28.Qc6 Qxc6 29.dxc6 Ne5
30.c7 Rc8 31.Bb6 Kf7 32.Bb5 Ke7 33.Kf1 g5 34.Ke2 h5 35.h3 h4 36.gxh4 gxh4
37.Ke3 Nd3 38.f3 Nxb2 39.Rd2 Nxa4 40.Bxa4 exf3 41.Kxf3 Ra6 42.Bc5+ Kf6 43.Rd7 b3
44.Bxb3 a4 45.Bd4+ Kg6 46.Bf7+ Kg5 47.Bd5 a3 48.Bb7 Rxc7 49.Rxc7 Rd6 50.Be3+  1-0

[Event "Petrovskaya Ladya IM"]
[Site "Peterhof RUS"]
[Date "2005.08.03"]
[Round "4"]
[White "Kostiuk,T"]
[Black "Rumiantsev,An"]
[Result "1-0"]
[WhiteElo "2281"]
[BlackElo "2309"]

1.d4 d5 2.c4 e6 3.Nc3 c6 4.e3 Nf6 5.Nf3 Nbd7 6.Qc2 Bd6 7.g4 Bb4 8.Bd2 b6
9.Rg1 Bb7 10.g5 Bxc3 11.Bxc3 Ne4 12.Bd3 Nxc3 13.Qxc3 Qe7 14.O-O-O O-O-O 15.cxd5 exd5
16.Bf5 Kb8 17.Kb1 Qd6 18.Rde1 h6 19.Bxd7 Rxd7 20.Ne5 Rc7 21.g6 fxg6 22.Rxg6 Qf8
23.f4 Qf5+ 24.Qc2 Qh3 25.Rg3 Qh5 26.Reg1 Rg8 27.Qh7 Rgc8 28.Rxg7 Qxh2 29.Qc2 Rxg7
30.Qxh2  1-0

[Event "10th Open"]
[Site "Creon FRA"]
[Date "2005.08.05"]
[Round "7"]
[White "Saucey,M"]
[Black "Krivoshey,S"]
[Result "0-1"]
[WhiteElo "2336"]
[BlackElo "2500"]

1.d4 Nf6 2.c4 e6 3.Nf3 d5 4.Nc3 c6 5.e3 a6 6.b3 Bb4 7.Bd2 O-O 8.Bd3 Nbd7
9.O-O Qe7 10.Qc2 h6 11.e4 dxc4 12.bxc4 e5 13.d5 Bd6 14.Rfc1 Nc5 15.Na4 Bg4
16.Ne1 Nxa4 17.Qxa4 Bc5 18.Nc2 Bd7 19.Qb3 Ng4 20.Be3 Nxe3 21.Nxe3 Rab8 22.Re1 g6
23.Rab1 Qg5 24.dxc6 Bxc6 25.Nd5 h5 26.Qc2 h4 27.Qc1 Qxc1 28.Rexc1 f5 29.exf5 gxf5
30.Nb4 Bxb4 31.Rxb4 Rbd8 32.Bf1 Rd2 33.c5 e4 34.Rb3 Rfd8 35.g3 Kg7 36.gxh4 f4
37.Re1 Kf6 38.Rb6 Rd1  0-1

[Event "15th ETC"]
[Site "Gothenburg SWE"]
[Date "2005.08.05"]
[Round "7"]
[White "Hansen,LB"]
[Black "Bruno,F"]
[Result "1-0"]
[WhiteElo "2567"]
[BlackElo "2425"]

1.d4 d5 2.c4 c6 3.Nc3 Nf6 4.e3 e6 5.Nf3 Nbd7 6.Bd3 Bd6 7.e4 dxe4 8.Nxe4 Nxe4
9.Bxe4 Bb4+ 10.Bd2 Bxd2+ 11.Qxd2 c5 12.O-O Nf6 13.Bc2 cxd4 14.Rad1 O-O 15.Qf4 Qe7
16.Rxd4 Qb4 17.Rb1 a5 18.Ne5 Qe7 19.Qh4 Re8 20.Rbd1 a4 21.Ng4 Ra5 22.Nxf6+ Qxf6
23.Rd8 Kf8 24.Rxe8+ Kxe8 25.Qxh7 Bd7 26.Qg8+ Ke7 27.Qb8 Qxb2 28.Qc7 Qxc2
29.Rxd7+ Kf6 30.h4 Rh5 31.Rxf7+ Kg6 32.Rxg7+ Kh6 33.g3 Rc5 34.Qe7 Qb1+ 35.Kh2 Qf5
36.Rf7  1-0

[Event "15th ETC"]
[Site "Gothenburg SWE"]
[Date "2005.08.05"]
[Round "7"]
[White "Damljanovic,B"]
[Black "Georgiev,Vl"]
[Result "1-0"]
[WhiteElo "2612"]
[BlackElo "2532"]

1.d4 d5 2.c4 c6 3.Nf3 Nf6 4.Nc3 e6 5.e3 a6 6.c5 Nbd7 7.b4 g6 8.Bd3 Bg7 9.O-O O-O
10.Na4 Ne4 11.Bb2 Qc7 12.Ne5 Nxe5 13.dxe5 Bxe5 14.Bxe5 Qxe5 15.f4 Qc7 16.Nb6 Ra7
17.Bxe4 dxe4 18.Qd6 Qxd6 19.cxd6 Rd8 20.d7 Bxd7 21.Rfd1 a5 22.Nxd7 Kg7 23.Ne5 Rd5
24.a3 axb4 25.axb4 Ra4 26.Rdb1 Rxa1 27.Rxa1 Rb5 28.Rd1 g5 29.Rd7 gxf4 30.exf4 e3
31.Kf1 Rxb4 32.Rxf7+ Kg8 33.Ke2  1-0

[Event "15th ETC"]
[Site "Gothenburg SWE"]
[Date "2005.08.05"]
[Round "7"]
[White "Tikkanen,H"]
[Black "Hector,J"]
[Result "1-0"]
[WhiteElo "2316"]
[BlackElo "2534"]

1.d4 d5 2.c4 c6 3.Nf3 Nf6 4.Nc3 e6 5.e3 Nbd7 6.Bd3 dxc4 7.Bxc4 b5 8.Bd3 Bb7
9.O-O a6 10.Qe2 c5 11.Rd1 Qb8 12.a3 Bd6 13.h3 O-O 14.Bc2 b4 15.axb4 cxb4
16.Nb1 e5 17.dxe5 Nxe5 18.Nxe5 Bxe5 19.Nd2 Qc7 20.Nc4 Rac8 21.Bd3 Qc6 22.f3 Bb8
23.Na5 Qc7 24.f4 Ba8 25.Bd2 Ba7 26.Kh2 Nd5 27.Bxa6 Rce8 28.Qc4 Qb6 29.Bb5 Rc8
30.Qd4 Qxb5 31.Qxa7 Nf6 32.e4 Bxe4 33.b3 Ra8 34.Qd4 Rfd8 35.Qc4 Qh5 36.Nc6 Qh4
37.Be1 Qxf4+ 38.Bg3 Ng4+ 39.hxg4 Qh6+ 40.Kg1 Bxc6 41.Rxa8 Rxa8 42.Qxb4 Qe3+
43.Bf2 Qe6 44.Qc4 Qe8 45.g5 Rc8 46.Qg4 Rb8 47.b4 Ra8 48.Rd6 Qe5 49.Bg3 Qe3+
50.Bf2 Qc3 51.Qd4 Qxd4 52.Bxd4 Be8 53.Rb6 Rd8 54.Be3 Rd3 55.Kf2 f6 56.gxf6 gxf6
57.Rxf6 Rb3 58.Bh6 Bf7 59.Rf4 Rd3 60.b5 Rd6 61.Rg4+ Bg6 62.Be3 Kf7 63.b6 Rd7
64.Rb4 Rb7 65.Bf4 Ke6 66.Bc7 Kd5 67.Ke3 Kc6 68.Rc4+ Kb5 69.Rc3 Bf7 70.Kf4 Rxb6
71.Bxb6 Kxb6 72.Kg5 Bd5 73.g3 Be4 74.g4 Kb7 75.Kh6 Kb6 76.g5 Bf5 77.Rf3 Bc2
78.Rf7  1-0

[Event "15th ETC"]
[Site "Gothenburg SWE"]
[Date "2005.08.05"]
[Round "7"]
[White "Thorfinnsson,Br"]
[Black "Perez Candelario,Man"]
[Result "1/2-1/2"]
[WhiteElo "2448"]
[BlackElo "2504"]

1.d4 d5 2.c4 e6 3.Nf3 Nf6 4.Nc3 c6 5.e3 Nbd7 6.Qc2 Bd6 7.g4 dxc4 8.Bxc4 e5
9.g5 Nd5 10.Bd2 exd4 11.Nxd4 N7b6 12.Nxd5 cxd5 13.Bd3 Bd7 14.Nf5 Bxf5 15.Bxf5 g6
16.Bd3 O-O 17.Bc3 Rc8 18.h4 d4 19.exd4 Nd5 20.Qb3 Qe8+ 21.Kf1 Nxc3 22.bxc3 Qc6
23.Rh3 Qxc3 24.Qxc3 Rxc3 25.Kg2 f6 26.gxf6 Rxf6 27.h5 Bf8  1/2-1/2

[Event "15th Summer Open"]
[Site "Recklinghausen GER"]
[Date "2005.08.05"]
[Round "5"]
[White "Halasz,T"]
[Black "Krug,K"]
[Result "1/2-1/2"]
[WhiteElo "2385"]
[BlackElo "2098"]

1.d4 d5 2.Nf3 Nf6 3.c4 c6 4.e3 e6 5.Nc3 Nbd7 6.Bd3 dxc4 7.Bxc4 b5 8.Bd3 a6
9.e4 c5 10.e5 cxd4 11.Nxb5 Ng4 12.Nd6+ Bxd6 13.exd6 Qa5+ 14.Bd2 Qd5 15.Bf4 e5
16.Qe2 Rb8 17.h3 Ngf6 18.Nxe5 O-O 19.Nxd7 Bxd7 20.O-O Rfe8 21.Qd2 Ne4 22.Qc2 h6
23.Bxa6 Nxd6 24.Bd3 Rbc8 25.Qb3 Qxb3 26.axb3 Ne4 27.Rfd1 g5 28.Bh2 Nc5 29.Bc4 Be6
30.b4 Bxc4 31.bxc5 Rxc5 32.Rxd4 Bb3 33.Rd3 Ra5 34.Rc1 Rc5 35.Rdc3 Rxc3 36.bxc3 Re2
37.Rb1 Rd2 38.Be5 Rd1+ 39.Rxd1 Bxd1 40.Kf1 f5 41.Ke1 Bb3 42.Kd2 Kf7 43.Ke3 h5
44.Kd4 Ke6 45.Bg7 Bd5 46.f3 g4 47.fxg4 fxg4 48.hxg4 hxg4 49.g3  1/2-1/2

[Event "FSIMC August"]
[Site "Budapest HUN"]
[Date "2005.08.06"]
[Round "1"]
[White "Le Quang Liem"]
[Black "Pedersen,Da"]
[Result "1-0"]
[WhiteElo "2326"]
[BlackElo "2296"]

1.d4 d5 2.c4 c6 3.Nc3 Nf6 4.e3 e6 5.Nf3 Nbd7 6.Bd3 dxc4 7.Bxc4 b5 8.Bd3 Bb7
9.e4 b4 10.Na4 c5 11.e5 Nd5 12.Nxc5 Nxc5 13.dxc5 Bxc5 14.O-O h6 15.Nd2 O-O
16.Ne4 Bd4 17.Nd6 Bc6 18.Bh7+ Kxh7 19.Qxd4 Qb6 20.Qe4+ Kh8 21.Bd2 a5 22.Qh4 Qd8
23.Qh5 Kg8 24.Rfc1 Be8 25.Qg4 f5 26.exf6 Qxf6 27.Qe2 Bh5 28.Qe1 Ra6 29.Nc4 a4
30.Ne5 Rfa8 31.h3 Be8 32.Rc4 b3 33.axb3 axb3 34.Rxa6 Rxa6 35.Rc8 Qe7 36.Qf1 Rb6
37.Ba5 Rb7 38.Qa6 Ra7 39.Rxe8+  1-0

[Event "Open"]
[Site "Nice FRA"]
[Date "2005.08.06"]
[Round "7"]
[White "Siebrecht,S"]
[Black "Libiszewski,F"]
[Result "1/2-1/2"]
[WhiteElo "2487"]
[BlackElo "2413"]

1.Nf3 d5 2.d4 Nf6 3.c4 c6 4.Nc3 e6 5.e3 a6 6.a3 Nbd7 7.Bd3 dxc4 8.Bxc4 c5
9.O-O b5 10.Ba2 Bb7 11.Qe2 Be7 12.e4 b4 13.axb4 cxb4 14.e5 bxc3 15.exf6 Nxf6
16.bxc3 O-O 17.Ne5 Nd5 18.Bd2 Rc8 19.Rfb1 Ba8 20.Bc4 Bg5 21.Rxa6 Bxd2 22.Qxd2 f6
23.Bxd5 Qxd5 24.Nf3 Qf5 25.Re1 Bxf3 26.gxf3 Qxf3 27.Re3 Qg4+ 28.Rg3 Qe4 29.Qa2 Qe1+
30.Kg2 Qe4+ 31.f3 Qd5 32.Qxd5 exd5 33.f4 Rc7 34.Rd6 Rfc8 35.Rxf6 Rxc3 36.Rxc3 Rxc3
37.Rf5 Rd3 38.Rxd5 Kf7 39.Rd7+ Ke6 40.Rxg7 Rxd4 41.Kg3 Kf5 42.Rg5+ Kf6 43.h4 Rd1
44.Ra5 Rg1+ 45.Kf3 Rf1+ 46.Kg4 Rg1+ 47.Kh5 Rf1 48.Ra6+ Kf5 49.Ra7 Rxf4 50.Rxh7  1/2-1/2

[Event "Open"]
[Site "Nice FRA"]
[Date "2005.08.06"]
[Round "7"]
[White "Tonoian,A"]
[Black "Boursier,J"]
[Result "1-0"]
[WhiteElo "2321"]
[BlackElo "2060"]

1.d4 d5 2.c4 c6 3.Nc3 Nf6 4.e3 e6 5.Nf3 Nbd7 6.Bd3 Bd6 7.e4 dxe4 8.Nxe4 Nxe4
9.Bxe4 e5 10.O-O h6 11.Bc2 O-O 12.Re1 exd4 13.Qxd4 Nf6 14.Bd2 Bg4 15.Bc3 Bc7
16.Nh4 Qxd4 17.Bxd4 Rfd8 18.Bc3 Rd7 19.Bf5 Bxf5 20.Nxf5 Rad8 21.Nxh6+ Kh7
22.Nf5 Kg6 23.Nh4+ Kg5 24.Nf3+ Kf5 25.h3 Rd3 26.Kf1 g5 27.Re7 R8d7 28.Rae1 g4
29.Nd4+ Kg5 30.Rxd7 Nxd7 31.Re7 c5 32.Rxd7 cxd4 33.Rxd4 Rxd4 34.Bxd4 gxh3
35.gxh3 a6 36.Be3+ Kh4 37.Kg2 Be5 38.b3 Bb2 39.Bc5 Bc3 40.Be7+ f6 41.Bd6 Bd4
42.Bg3+ Kg5 43.Kf3 Kf5 44.h4 Bc5 45.Bc7 Bf8 46.Bf4 Bc5 47.h5 Bd4 48.h6 Kg6
49.Be3 Bc3 50.Ke4 f5+ 51.Kd5 Be1 52.Kd6 f4 53.Bxf4 Bxf2 54.a4 Bd4 55.Kc7 b6
56.Kb7 a5 57.Ka6 Bc5 58.Bc7 Kxh6 59.Bxb6 Be7 60.c5 Kg6 61.c6  1-0

[Event "Valoz Cup GMA"]
[Site "Olomouc CZE"]
[Date "2005.08.06"]
[Round "5"]
[White "Potapov,Alexa1"]
[Black "Stopa,Ja"]
[Result "0-1"]
[WhiteElo "2530"]
[BlackElo "2460"]

1.d4 d5 2.c4 c6 3.Nc3 Nf6 4.e3 e6 5.Nf3 Nbd7 6.Bd3 dxc4 7.Bxc4 b5 8.Bd3 Bb7
9.O-O a6 10.e4 c5 11.d5 Qc7 12.Bc2 c4 13.dxe6 fxe6 14.Ng5 Qc6 15.Qe2 Bc5
16.Kh1 h6 17.Nf3 O-O-O 18.e5 Nd5 19.a4 Nxc3 20.bxc3 Rhf8 21.axb5 axb5 22.Re1 g5
23.Be3 g4 24.Nh4 Be7 25.f3 Bxh4 26.Be4 gxf3 27.Bxc6 fxe2 28.Bxb7+ Kxb7 29.Rxe2 Nb6
30.Rb2 Rd5 31.Bxh6 Rf2 32.Rxf2 Bxf2 33.g4 Rxe5 34.Kg2 Bh4 35.Kf3 Nd5 36.Bd2 b4
37.cxb4 c3 38.Bf4 Nxf4 39.Kxf4 Rb5 40.Ke4 Rxb4+ 41.Kd3 Bf6 42.Rf1 Rd4+ 43.Ke3 c2
44.Rc1 Bg5+ 45.Kxd4 Bxc1 46.Kd3 Bf4 47.Kxc2 Bxh2 48.g5 Kc6  0-1

[Event "10th Open"]
[Site "Creon FRA"]
[Date "2005.08.07"]
[Round "9"]
[White "Saucey,M"]
[Black "Pingue,R"]
[Result "1-0"]
[WhiteElo "2336"]
[BlackElo "1927"]

1.d4 d5 2.c4 c6 3.Nf3 Nf6 4.Nc3 e6 5.e3 Nbd7 6.Bd3 dxc4 7.Bxc4 b5 8.Bd3 a6
9.e4 c5 10.e5 cxd4 11.Nxb5 Nxe5 12.Nxe5 axb5 13.O-O Qd5 14.Qe2 Rb8 15.Bg5 Bd6
16.f4 h6 17.Bh4 g5 18.Bg3 Rg8 19.f5 Ke7 20.Rae1 h5 21.Qf2 Ng4 22.Nxg4 hxg4
23.fxe6 Bxe6 24.Qxf7+  1-0

[Event "15th ETC"]
[Site "Gothenburg SWE"]
[Date "2005.08.07"]
[Round "9"]
[White "Navara,D"]
[Black "Gelfand,B"]
[Result "1/2-1/2"]
[WhiteElo "2663"]
[BlackElo "2724"]

1.d4 d5 2.c4 c6 3.Nc3 Nf6 4.e3 e6 5.Nf3 Nbd7 6.Qc2 Bd6 7.Bd3 O-O 8.O-O dxc4
9.Bxc4 a6 10.Rd1 b5 11.Be2 Qc7 12.Bd2 c5 13.dxc5 Qxc5 14.b4 Qc7 15.Rac1 Bb7
16.Qb3 Qb8 17.h3 Nb6 18.Nd4 Ne4 19.Bf3 Nxd2 20.Rxd2 Bxf3 21.Nxf3 Rc8 22.Nd4 Rc4
23.a3 Qc7 24.Rdc2 Bh2+ 25.Kh1 Be5 26.Nf3 Rc8 27.Nxe5 Qxe5 28.Ne2 h6 29.Rxc4 Rxc4
30.Rxc4 Nxc4 31.Nd4 Qd5 32.a4 e5 33.Nf3 Nb6 34.Qxd5 Nxd5 35.axb5 axb5 36.Nxe5 Nxb4
37.Kg1 f6 38.Nf3 Nc6 39.Kf1 Kf7 40.Ke2 Ke6 41.Kd2 Kd5 42.Nh4 Ne7 43.Kc3 g5
44.Nf3 Nc6 45.h4 g4 46.Nd2 Ne5 47.f4 gxf3 48.gxf3 Ng6 49.h5 Nh4 50.Kb4 Ng2
51.Nf1 Ne1 52.Kxb5 Nxf3 53.Ng3 Ng5 54.Kb6 Ke5 55.Kc6 f5 56.Kd7 f4 57.exf4+ Kxf4
58.Nf1 Kg4 59.Ke7 Kxh5 60.Kf6 Nf3 61.Kf5  1/2-1/2

[Event "15th Summer Open"]
[Site "Recklinghausen GER"]
[Date "2005.08.07"]
[Round "7"]
[White "Jaehnisch,F"]
[Black "Stahl,M"]
[Result "1-0"]
[WhiteElo "2241"]
[BlackElo "2165"]

1.d4 d5 2.c4 c6 3.Nc3 Nf6 4.Nf3 e6 5.e3 Nbd7 6.Bd3 dxc4 7.Bxc4 b5 8.Bd3 a6
9.O-O Bb7 10.e4 b4 11.Na4 c5 12.e5 Nd5 13.dxc5 Rc8 14.Qe2 Qa5 15.Nb6 N7xb6
16.cxb6 Qxb6 17.Ng5 g6 18.Kh1 Bg7 19.f4 O-O 20.Ne4 Rfd8 21.Nd6 Rxd6 22.exd6 Qxd6
23.Be4 a5 24.Rd1 Ba6 25.Qf2 Qc5 26.Qf3 Bc4 27.Bd3 Bxd3 28.Rxd3 Qxc1+ 29.Rxc1 Rxc1+
30.Rd1 Rxd1+ 31.Qxd1 Bxb2 32.g3 Bf6 33.Qa4 Bc3 34.Qxa5 Kg7 35.Qc5 Bf6 36.Kg2 Be7
37.Qc1 Kg8 38.Kf3 Kg7 39.Qc4 Bf6 40.h3 Bc3 41.g4 Bb2 42.f5 Kf6 43.Qc8 Nc3
44.fxe6 fxe6 45.Qf8+  1-0

[Event "Stork YM"]
[Site "Hengelo NED"]
[Date "2005.08.08"]
[Round "1"]
[White "Barnaure,V"]
[Black "Riazantsev,A"]
[Result "1/2-1/2"]
[WhiteElo "2445"]
[BlackElo "2599"]

1.d4 Nf6 2.c4 e6 3.Nf3 d5 4.Nc3 c6 5.e3 a6 6.Qc2 c5 7.dxc5 Bxc5 8.a3 dxc4
9.Bxc4 b5 10.Bd3 Nbd7 11.e4 Qc7 12.O-O Bb7 13.Qe2 O-O 14.Be3 Bxe3 15.Qxe3 Ng4
16.Qe2 Rfd8 17.Rfd1 Qf4 18.Qd2 Qf6 19.h3 Nde5 20.Nxe5 Nxe5 21.Qe3 Rd4  1/2-1/2

[Event "XV Open"]
[Site "La Pobla de Lillet ESP"]
[Date "2005.08.08"]
[Round "7"]
[White "Arias Castanedo,J"]
[Black "Gallart Zafra,J"]
[Result "0-1"]
[WhiteElo "2190"]
[BlackElo "2077"]

1.d4 Nf6 2.Nf3 d5 3.c4 c6 4.Nc3 e6 5.e3 Bd6 6.Bd3 O-O 7.O-O Nbd7 8.b3 Re8
9.Bb2 e5 10.dxe5 Nxe5 11.Nxe5 Bxe5 12.g3 Bh3 13.Re1 Ng4 14.Be2 h5 15.Bxg4 hxg4
16.Na4 Bxb2 17.Nxb2 Qf6 18.Qe2 Rad8 19.Rad1 g5 20.cxd5 cxd5 21.Rd2 Qf5 22.Nd1 Qe4
23.f3 gxf3 24.Qb5 Bc8 25.Nf2 Qe5 26.e4 a6 27.Qa5 f5 28.Nd3 Qd4+ 29.Nf2 b6
30.Rxd4 bxa5 31.e5 Be6 32.Ra4 d4 33.Nd3 Rd5 34.Kf2 Bd7 35.Rc4 Bb5 36.Rc5 Red8
37.Rxd5 Rxd5 38.Rd1 Bxd3 39.Rxd3 g4 40.Rd1 Kf7 41.h4 Ke6 42.h5 Kxe5 43.h6 Kf6
44.Rh1 Rd8 45.Ke1 Rh8 46.Kd2 Kg5 47.h7 Kg6 48.Kd3 Rxh7 49.Rc1 Rd7 50.Rc6+ Kg5
51.Rxa6 f2  0-1

[Event "XIII Adolfo Pedrido Mem"]
[Site "Vilagarcia de Arousa ESP"]
[Date "2005.08.08"]
[Round "8"]
[White "Hernandez,Hold"]
[Black "Abreu,A"]
[Result "0-1"]
[WhiteElo "2458"]
[BlackElo "2442"]

1.d4 d5 2.c4 c6 3.Nc3 Nf6 4.e3 e6 5.Nf3 Nbd7 6.Bd3 dxc4 7.Bxc4 b5 8.Bd3 Bb7
9.O-O b4 10.Ne4 Nxe4 11.Bxe4 Bd6 12.a3 bxa3 13.b4 Nf6 14.Bd3 a5 15.e4 Bxb4
16.e5 Nd5 17.Ng5 Nc3 18.Qg4 h5 19.Qf3 Qe7 20.Be4 Rc8 21.h4 Nxe4 22.Nxe4 c5
23.Bg5 Qd7 24.dxc5 Bxe4 25.Qxe4 O-O 26.Rfd1 Qc6 27.Qxc6 Rxc6 28.Be7 Rfc8
29.Rd3 Bxc5 30.Bxc5 Rxc5 31.Rdxa3 Rc1+ 32.Rxc1 Rxc1+ 33.Kh2 Rc5 34.f4 Kf8
35.g4 g6 36.Kg3 Ke7 37.gxh5 gxh5 38.Kf3 Kd7 39.Ke4 Kc6 40.f5 Kb5 41.fxe6 fxe6
42.Rb3+ Ka6 43.Rd3 Rc4+ 44.Ke3 Kb5 45.Rd6 a4 46.Rxe6 a3 47.Re8 Ra4 48.e6 a2
49.Rb8+ Kc5 50.e7 a1=Q 51.Rc8+ Kd6 52.e8=Q Qd4+ 53.Kf3 Ra3+  0-1

[Event "HZ Open"]
[Site "Vlissingen NED"]
[Date "2005.08.08"]
[Round "3"]
[White "Grooten,H"]
[Black "Buytaert,K"]
[Result "1-0"]
[WhiteElo "2376"]
[BlackElo "2148"]

1.d4 d5 2.c4 c6 3.Nc3 Nf6 4.e3 e6 5.Nf3 Nbd7 6.Bd3 Bd6 7.O-O O-O 8.e4 dxe4
9.Nxe4 Nxe4 10.Bxe4 h6 11.Re1 Qc7 12.c5 Be7 13.b4 a5 14.bxa5 Rxa5 15.Bd2 Ra8
16.Qc1 f5 17.Bc2 Nf6 18.Ne5 Kh7 19.Re3 Ng8 20.Rg3 Bf6 21.f4 Ne7 22.Qb2 Nd5
23.Rb1 Rb8 24.Qa3 Bxe5 25.fxe5 Bd7 26.Rh3 Ra8 27.Qg3 Ne7 28.a4 Ng8 29.Qb3 Bc8
30.Rf1 Qd8 31.Qb4 Qd5 32.Bb3 Qd7 33.Qc3 Rd8 34.Be3 Qc7 35.g4 Qa5 36.Qc2 Qb4
37.gxf5 exf5 38.e6 Ne7 39.Rxf5 Nxf5 40.Qxf5+ Kh8 41.Rxh6+  1-0

[Event "American Continental"]
[Site "Buenos Aires ARG"]
[Date "2005.08.09"]
[Round "4"]
[White "Alza,A"]
[Black "Farfan Ortiz,A"]
[Result "1-0"]
[WhiteElo "2167"]
[BlackElo "2285"]

1.d4 d5 2.c4 c6 3.Nc3 Nf6 4.e3 e6 5.Nf3 Nbd7 6.Qc2 Bd6 7.Bd3 O-O 8.O-O dxc4
9.Bxc4 b5 10.Bd3 Bb7 11.Rd1 Qc7 12.b3 a6 13.Bb2 Rac8 14.Rac1 Rfd8 15.h3 c5
16.Ne4 cxd4 17.Qxc7 Bxc7 18.Nxf6+ Nxf6 19.Nxd4 Be5 20.Bb1 b4 21.f4 Rxc1 22.Rxc1 Bd6
23.Nf3 Bb8 24.Bd4 Nd5 25.Kf2 f6 26.g3 Ne7 27.Bd3 Kf7 28.Bc4 Rc8 29.Bb2 Nf5
30.Nd4 Nxd4 31.Bxd4 Ke7 32.Bb2 Rd8 33.Ke2 Ba7 34.a3 a5 35.axb4 axb4 36.Ra1 Bc5
37.Ra5 Rc8 38.Bd4 Bxd4 39.exd4 Rd8 40.Ke3  1-0

[Event "It"]
[Site "Montreal CAN"]
[Date "2005.08.10"]
[Round "7"]
[White "Roussel Roozmon,T"]
[Black "Huzman,A"]
[Result "0-1"]
[WhiteElo "2439"]
[BlackElo "2577"]

1.d4 d5 2.c4 e6 3.Nf3 Nf6 4.Nc3 c6 5.e3 Nbd7 6.Bd3 Bd6 7.Qc2 O-O 8.O-O h6
9.b3 b6 10.Bb2 Bb7 11.Rad1 Qc7 12.e4 dxc4 13.Bxc4 b5 14.Be2 b4 15.e5 bxc3
16.exd6 Qxd6 17.Qxc3 Nd5 18.Qd2 a5 19.a3 Ba6 20.Bc4 Qb8 21.Rb1 N5b6 22.Rfc1 Rc8
23.Ne5 Nxe5 24.dxe5 Rd8 25.Qe3 Bxc4 26.bxc4 Nxc4 27.Rxc4 Qxb2 28.Rbc1 Rab8
29.h4 Rb3 30.R1c3 a4 31.Rxc6 Qxa3 32.Rc8 Qf8 33.Rxb3 Rxc8 34.Ra3 Qb4 35.h5 Rd8
36.g3 Qg4 37.Kg2 Rd5 38.Qf3 Qxf3+ 39.Kxf3 Rxe5 40.Rxa4 Rxh5 41.Ra8+ Kh7 42.Ra7 Kg6
43.Rb7 Ra5 44.Rc7 Ra4 45.Rb7 Kf6 46.Rc7 h5 47.Rc8 g5 48.Rh8 h4 49.gxh4 Rxh4
50.Ra8 Kf5 51.Ra5+ e5 52.Rb5 Rh3+ 53.Kg2 g4 54.Rb4 Rd3 55.Ra4 f6 56.Rb4 Kg5
57.Rb8 Kf4 58.Rb4+ e4 59.Ra4 g3 60.fxg3+ Rxg3+ 61.Kf2 Rb3 62.Ra2 f5 63.Rc2 Rd3
64.Ra2 Rd2+  0-1

[Event "American Continental"]
[Site "Buenos Aires ARG"]
[Date "2005.08.11"]
[Round "6"]
[White "Sorin,A"]
[Black "Vescovi,G"]
[Result "0-1"]
[WhiteElo "2496"]
[BlackElo "2640"]

1.d4 Nf6 2.c4 e6 3.Nf3 d5 4.Nc3 c6 5.e3 Nbd7 6.Qc2 Bd6 7.Be2 O-O 8.O-O dxc4
9.Bxc4 a6 10.a3 Qc7 11.h3 c5 12.dxc5 Nxc5 13.Rd1 b6 14.b4 Ncd7 15.Bd3 Bb7
16.Ng5 h6 17.Nge4 Bh2+ 18.Kh1 Nxe4 19.Nxe4 Qxc2 20.Bxc2 Be5 21.Rb1 Rfd8 22.f4 Rac8
23.Bd3 Nf6 24.Nf2 Ne4 25.Nxe4 Bxe4 26.fxe5 Rxd3 27.Rg1 Rdc3 28.Ra1 Rc2 29.Kh2 Re2
30.Kg3 g5 31.h4 Kg7 32.hxg5 hxg5 33.a4 Rcc2 34.b5 Rxg2+ 35.Rxg2 Rxg2+ 36.Kh3 Kg6  0-1

[Event "Stork YM"]
[Site "Hengelo NED"]
[Date "2005.08.11"]
[Round "7"]
[White "Motoc,A"]
[Black "Bensdorp,M"]
[Result "1-0"]
[WhiteElo "2270"]
[BlackElo "2225"]

1.d4 d5 2.c4 c6 3.Nc3 Nf6 4.e3 e6 5.Nf3 Nbd7 6.Qc2 Bd6 7.g4 Nxg4 8.Rg1 f5
9.h3 Ngf6 10.Rxg7 Ne4 11.Bd2 Nf8 12.Rg2 Qf6 13.O-O-O Bd7 14.Be2 Nxc3 15.Bxc3 O-O-O
16.Ne5 Ng6 17.f4 Rhg8 18.cxd5 exd5 19.Bh5 Nh4 20.Rgg1 Be6 21.Ba5 Bc7 22.Bxc7 Kxc7
23.Qf2 Rdf8 24.Rxg8 Rxg8 25.Rg1 Rxg1+ 26.Qxg1 Kd8 27.Kd2 a6 28.b4 Ke7 29.a4 Qh6
30.Qg5+ Qxg5 31.fxg5 f4 32.exf4 Bxh3 33.a5 Ng2 34.Nd3 Bf5 35.Bf3 Nh4 36.Be2 Ng2
37.Bf1 Nh4 38.Nc5 Bc8 39.Bd3 Ng2 40.f5 Nh4 41.f6+ Kf7 42.Ke3 h6 43.gxh6 Kxf6
44.h7 Kg7 45.Kf4 Kh8 46.Kg3 Nf5+ 47.Bxf5 Bxf5 48.Kf4 Bxh7 49.Nxb7 Kg7 50.Ke5 Bd3
51.Kd6 Bb5 52.Nd8 Kf6 53.Nxc6 Bc4 54.Ne7  1-0

[Event "HZ Open"]
[Site "Vlissingen NED"]
[Date "2005.08.11"]
[Round "6"]
[White "Cornelisse,J"]
[Black "Viaene,A"]
[Result "1/2-1/2"]
[WhiteElo "2204"]
[BlackElo "2029"]

1.d4 d5 2.Nf3 Nf6 3.c4 c6 4.e3 e6 5.Nc3 Nbd7 6.Qc2 b6 7.Bd3 Bb7 8.cxd5 exd5
9.O-O Be7 10.b3 Qc7 11.Bb2 O-O 12.Rac1 Rac8 13.Ne2 Bd6 14.Ng3 g6 15.Ng5 Rfe8
16.Rfe1 Ng4 17.Qe2 f5 18.Qf3 Ndf6 19.Nxf5 Bxh2+ 20.Kh1 Rcd8 21.g3 gxf5 22.Bxf5 Bc8
23.Nxh7 Bxf5 24.Nxf6+ Nxf6 25.Qxf5 Bxg3 26.fxg3 Rd6 27.Rf1 Qg7 28.Rf3 Ne4
29.Kg2 Rf6 30.Qh5 Rxf3 31.Qxe8+ Rf8 32.Qe6+ Qf7 33.Qg4+ Qg7 34.Qxg7+ Kxg7
35.Rc2 Rf6 36.Bc3 Kg6 37.g4 Kg5 38.Be1 Kxg4 39.b4 a6 40.a4 b5 41.axb5 axb5
42.Ra2 Nd6 43.Bg3 Nf5 44.Bf2 Re6 45.Ra3 Nd6 46.Ra8 Ne4 47.Be1 Kf5 48.Kf3 Ng5+
49.Ke2 Ne4 50.Kd3 Rg6 51.Rc8 Kg4 52.Rh8 Kf5 53.Rh5+ Ke6 54.Re5+ Kd7 55.Rh5 Ke6
56.Rh2 Kf5 57.Ke2 Ke6 58.Kf3 Kf5 59.Rh5+ Ng5+ 60.Ke2 Ke6 61.Bh4 Ne4 62.Re5+ Kd7
63.Re7+ Kd6 64.Rh7 Rg4 65.Bd8 Rg2+ 66.Kf1 Rg6 67.Bc7+ Ke6 68.Bf4 Kf5 69.Rh4 Ke6
70.Be5 Kf5 71.Rf4+ Kg5 72.Rf7 Kh5 73.Bf4 Kg4 74.Kg2 Kh4+  1/2-1/2

[Event "TCh-ESP Premier North"]
[Site "Barcelona ESP"]
[Date "2005.08.12"]
[Round "2"]
[White "Pomes Marcet,J"]
[Black "Obon Temprano,S"]
[Result "1-0"]
[WhiteElo "2375"]
[BlackElo "2173"]

1.d4 d5 2.c4 c6 3.Nf3 Nf6 4.Nc3 e6 5.e3 Nbd7 6.Qc2 Bd6 7.Be2 O-O 8.O-O b6
9.e4 dxe4 10.Nxe4 Be7 11.Bf4 Nxe4 12.Qxe4 Bb7 13.Rfd1 Qc8 14.Bd3 g6 15.Bg5 Re8
16.Bxe7 Rxe7 17.c5 Qc7 18.b4 Rd8 19.Bc4 Nf8 20.Re1 Kg7 21.Qh4 Ree8 22.Rad1 Qe7
23.Qg3 Nd7 24.Ng5 Nf8 25.Ne4 Rd7 26.Qc3 f6 27.Re3 e5 28.Nd6 Rxd6 29.cxd6 Qxd6
30.Bb3 e4 31.f3 Qf4 32.fxe4 c5 33.bxc5 Rxe4 34.Rxe4 Qxe4 35.d5 bxc5 36.Re1  1-0

[Event "TCh-ESP Premier North"]
[Site "Barcelona ESP"]
[Date "2005.08.12"]
[Round "2"]
[White "Moskalenko,V"]
[Black "Roig Grau,J"]
[Result "1-0"]
[WhiteElo "2534"]
[BlackElo "2200"]

1.d4 d5 2.c4 e6 3.Nc3 c6 4.e3 Nf6 5.Nf3 Nbd7 6.Bd3 Bd6 7.O-O O-O 8.e4 dxc4
9.Bxc4 e5 10.Be3 Qc7 11.h3 b5 12.Bd3 exd4 13.Nxd4 Nc5 14.Bxb5 cxb5 15.Ndxb5 Bh2+
16.Kh1 Qc6 17.Kxh2 Nfxe4 18.Nxe4 Nxe4 19.Nd4 Qg6 20.Rc1 Ba6 21.Rc6 Nf6 22.Rxa6 Ng4+
23.Qxg4 Qxa6 24.Rc1 Rab8 25.Nc6 Rb7 26.Bh6 f6 27.Qe6+ Kh8 28.Nd8 Qb6 29.Qxb6 Rxb6
30.Be3 Rxb2 31.Ne6 Rg8 32.a4 Rb7 33.Rc6 Re8 34.Ra6 Kg8 35.Nd4 Kf7 36.Nb5 Re6
37.Ra5 a6 38.Nd4 Rd6 39.Rc5 Rbd7 40.Rc4 Kg6 41.g4 h5 42.Kg3 Rd5 43.Ne6 Kf7
44.Nf4 h4+ 45.Kf3 Ra5 46.Ne2 Rdd5 47.Nd4 g6 48.Kg2  1-0

[Event "Stork YM"]
[Site "Hengelo NED"]
[Date "2005.08.12"]
[Round "8"]
[White "Riazantsev,A"]
[Black "Smeets,J"]
[Result "1/2-1/2"]
[WhiteElo "2599"]
[BlackElo "2537"]

1.d4 d5 2.c4 c6 3.Nc3 Nf6 4.e3 e6 5.Nf3 Nbd7 6.Qc2 Bd6 7.b3 O-O 8.Be2 b6
9.O-O Bb7 10.Bb2 Qe7 11.Rfd1 Rac8 12.Rac1 c5 13.cxd5 Nxd5 14.Nxd5 Bxd5 15.dxc5  1/2-1/2

[Event "9th Open"]
[Site "Genova ITA"]
[Date "2005.08.13"]
[Round "6"]
[White "Maiorov,N"]
[Black "Lazic,Mi"]
[Result "1/2-1/2"]
[WhiteElo "2453"]
[BlackElo "2485"]

1.d4 d5 2.c4 c6 3.Nc3 Nf6 4.e3 e6 5.Nf3 Nbd7 6.Qc2 Bd6 7.Bd3 O-O 8.O-O dxc4
9.Bxc4 b5 10.Be2 Bb7 11.Rd1 Qb8 12.e4 e5 13.g3 Re8 14.dxe5 Nxe5 15.Bg5 Nxf3+
16.Bxf3 Be5 17.Bg2 a6 18.Be3 c5 19.Nd5 Nxd5 20.exd5 c4 21.Bd4 Qd6 22.Rd2 Bxd4
23.Rxd4 Re5 24.Rad1 Rae8 25.h4 Bc8 26.Qc3 Bf5 27.b3 Bd3 28.bxc4 bxc4 29.Bf1 Rxd5
30.Bxd3 cxd3 31.R1xd3 Rxd4 32.Qxd4  1/2-1/2